|
|
|
|
| LEADER |
02472nai a2200601 a 4500 |
| 001 |
nkc20112164972 |
| 003 |
CZ PrNK |
| 005 |
20150620162247.0 |
| 007 |
td |
| 008 |
110204d20102011xr x l ff 0 b2cze |
| 015 |
|
|
|a cnb002164972
|
| 022 |
|
|
|a 1804-591X
|
| 035 |
|
|
|a (OCoLC)730407155
|
| 040 |
|
|
|a OLA001
|b cze
|d ABA001
|
| 043 |
|
|
|a e-xr---
|
| 072 |
|
7 |
|a 37.09
|x Organizace výuky a vzdělávání
|2 Konspekt
|9 22
|
| 080 |
|
|
|a 373.24
|2 MRF
|
| 080 |
|
|
|a 37.091:005.25
|2 MRF
|
| 080 |
|
|
|a 005.21
|2 MRF
|
| 080 |
|
|
|a (437.3)
|2 MRF
|
| 080 |
|
|
|a (072)
|2 MRF
|
| 210 |
1 |
|
|a Porad. ředitelky, Strateg. řízení rozv. šk.
|
| 222 |
|
0 |
|a Poradce ředitelky. Strategie řízení a rozvoje školy
|
| 245 |
0 |
0 |
|a Poradce ředitelky.
|p Strategie řízení a rozvoje školy
|
| 246 |
3 |
|
|a Poradce ředitelky - strategie řízení a rozvoje školy
|
| 246 |
3 |
0 |
|a Strategie řízení a rozvoje školy
|
| 260 |
|
|
|a Praha :
|b Raabe,
|c c2010-2011
|
| 300 |
|
|
|a 1 sv. (na volných l.) ;
|c 23 cm
|
| 310 |
|
|
|a Vychází nepravidelně?
|
| 490 |
1 |
|
|a Nahlížet - nacházet
|
| 541 |
|
|
|c pv-a
|
| 500 |
|
|
|a Do 2. aktualizace uvedeni editoři Jana Buriánová, Věra Jakoubková, Hana Nádvorníková a kolektiv autorů
|
| 500 |
|
|
|a Základní dílo s pořadačem
|
| 500 |
|
|
|a Základní dílo obsahuje přílohu Získávání finančních prostředků pro školy (15 s.)
|
| 500 |
|
|
|a Popsáno podle: základní dílo (listopad 2010) včetně 4. aktualizace (září 2011)
|
| 650 |
0 |
7 |
|a mateřské školy
|7 ph122683
|z Česko
|2 czenas
|
| 650 |
0 |
7 |
|a management školy
|7 ph118550
|z Česko
|2 czenas
|
| 650 |
0 |
7 |
|a strategický management
|7 ph116291
|z Česko
|2 czenas
|
| 650 |
0 |
9 |
|a kindergartens
|z Czechia
|2 eczenas
|
| 650 |
0 |
9 |
|a school management
|z Czechia
|2 eczenas
|
| 650 |
0 |
9 |
|a strategic planning
|z Czechia
|2 eczenas
|
| 655 |
|
7 |
|a metodické příručky
|7 fd132826
|2 czenas
|
| 655 |
|
9 |
|a methodological manuals
|2 eczenas
|
| 700 |
1 |
|
|a Buriánová, Jana
|7 ola2006319193
|4 edt
|
| 700 |
1 |
|
|a Jakoubková, Věra
|7 ola2006319196
|4 edt
|
| 700 |
1 |
|
|a Nádvorníková, Hana
|7 ola2006319195
|4 edt
|
| 830 |
|
0 |
|a Nahlížet - nacházet
|0 s
|
| 910 |
2 |
|
|a BOA001
|b 04173-1231.624
|r 2010-11
|s Základní dílo (2010) - 4. aktualiz. září 2011
|
| 920 |
|
|
|a 001140884
|
| 928 |
9 |
|
|a Josef Raabe
|
| 990 |
|
|
|a SE
|
| 995 |
|
|
|a 01
|
| 996 |
6 |
|
|b 2610469854
|c 04173-1231.624
|d 2010 + akt. č. 1-4
|v 1
|y 2010
|l MZK
|r Sklad / do 1 hodiny
|n 6
|p p.v. ; posl akt. 4/1109
|w 001172923
|u 000010
|a 1
|e BOA001
|j MZK50
|s P
|